000
00261nam a22001097a 4500
999
_c
533110
_d
533110
040
_c
fsd
100
_a
V.B. Priyan
_9
26826
245
_a
The Fundamental Principal of Road Engineering
260
_a
India
_b
R.C Patel
_c
c1969
300
_a
324;p
942
_2
ddc
_c
BK